Kéty. Látnivalók

Salvato in:
Dettagli Bibliografici
Natura: Libro
Pubblicazione: Komárňanské tlačiarne, 1995
Soggetti:
Tags: Aggiungi Tag
Nessun Tag, puoi essere il primo ad aggiungerne!!

MARC

LEADER 00000nam a22000003a 4500
001 stu123494
005 20141122150949.1
008 060718s1995----------------------------d
020 |a 80-88804-22-1 
040 |a STU  |b slo 
041 0
245 |a Kéty. Látnivalók 
260 |b Komárňanské tlačiarne,  |c 1995 
300 |a 16 s 
650 7 |a Keť  |2 stusub 
996 |b 284AB00526  |c A*540 B  |l AAKNAR  |s A  |a 24  |w stu123494_0001